Water resourse (Record no. 9679)

000 -LEADER
fixed length control field 00189nam a22001097a 4500
040 ## - CATALOGING SOURCE
Transcribing agency SK
082 ## - DEWEY DECIMAL CLASSIFICATION NUMBER
Classification number 333
100 ## - MAIN ENTRY--AUTHOR NAME
Personal name NA
245 ## - TITLE STATEMENT
Title Water resourse
260 ## - PUBLICATION, DISTRIBUTION, ETC. (IMPRINT)
Place of publication NA
Name of publisher NA
Year of publication NA
942 ## - ADDED ENTRY ELEMENTS (KOHA)
Koha item type សៀវភៅភាសាអង់គ្លេស
952 ## - LOCATION AND ITEM INFORMATION (KOHA)
Withdrawn status [LOCAL, KOHA] 0
952 ## - LOCATION AND ITEM INFORMATION (KOHA)
Withdrawn status [LOCAL, KOHA] 0
952 ## - LOCATION AND ITEM INFORMATION (KOHA)
Withdrawn status [LOCAL, KOHA] 0
952 ## - LOCATION AND ITEM INFORMATION (KOHA)
Withdrawn status [LOCAL, KOHA] 0
Holdings
Permanent Location Date acquired Koha item type Lost status Barcode Shelving location Current Location Full call number
Library Block C2016-09-06សៀវភៅភាសាអង់គ្លេស RUA046156 Library Block C333 NA NA
Library Block C2016-09-06សៀវភៅភាសាអង់គ្លេស A00238C067Library Block C333 NA NA C67
Library Block C2016-09-06សៀវភៅភាសាអង់គ្លេស RUA045317C067Library Block C333 NA NA C67
Library Block C2016-09-06សៀវភៅភាសាអង់គ្លេស A01399C067Library Block C333 NA NA C67
មជ្ឈមណ្ឌលឯការនៃសាកលវិទ្យាល័យភូមិន្ទកសិកម្មចំការដូង

Powered by Koha